| 000 | 00349nam a22001217a 4500 | ||
|---|---|---|---|
| 082 | _aP-785 | ||
| 100 |
_aDaniyal Bangash _951442 |
||
| 245 |
_aSafety and Operational Analysis of At Grade Unsignalized Intersections _bSyn#25 |
||
| 260 |
_aRisalpur, _bMCE, _c2018. |
||
| 526 |
_a0 _b0 _c0 _dP_785 |
||
| 700 | _a Lt Col Dr. Anwaar Ahmed | ||
| 942 |
_2ddc _cBK |
||
| 999 |
_c554123 _d554123 |
||